000 00295nam a22001217a 4500
082 _a425
_bMAR/S
100 _aMARTIN,H
245 _aSTEPS TO ENGLISH COMPOSITION
260 _aNEW DELHI
_bS.CHAND & COMPANY.LTD.
300 _a58
650 _aSTEPS TO ENGLISH COMPOSITION
_zNEW DELHI
942 _cBK
999 _c3818
_d3818